000 01323nam a2200361Ia 4500
001 ebr10210703
003 CaPaEBR
006 m u
007 cr cn|||||||||
008 031208s2003 enka sb 001 0 eng d
010 _z 2005415953
020 _z9781861974648
020 _z9781847650252
020 _z1861974647
040 _aCaPaEBR
_cCaPaEBR
035 _a(OCoLC)567928208
050 1 4 _aHG4572
_b.R63 2003eb
082 0 4 _a332.64273
_221
100 1 _aRoberts, Richard,
_d1952-
245 1 0 _aWall Street
_h[electronic resource] /
_cRichard Roberts.
260 _aLondon :
_bProfile Books,
_cc2003.
300 _a280 p. :
_bill.
490 1 _aThe Economist books
504 _aIncludes bibliographical references (p. 260-261) and index.
533 _aElectronic reproduction.
_bPalo Alto, Calif. :
_cebrary,
_d2009.
_nAvailable via World Wide Web.
_nAccess may be limited to ebrary affiliated libraries.
610 2 0 _aNew York Stock Exchange.
650 0 _aFinancial services industry
_zUnited States.
651 0 _aWall Street (New York, N.Y.)
655 7 _aElectronic books.
_2local
710 2 _aebrary, Inc.
830 0 _aEconomist books (Series)
856 4 0 _uhttp://site.ebrary.com/lib/rucke/Doc?id=10210703
_zAn electronic book accessible through the World Wide Web; click to view
999 _c125002
_d125002